[Event "Oberliga Baden 1718"]
[Site "Baden"]
[Date "2017.10.22"]
[Round "2.7"]
[White "Terraz, Christian"]
[Black "Kluss, Kai"]
[Result "1/2-1/2"]
[WhiteElo "2112"]
[BlackElo "2132"]
[PlyCount "25"]
[EventDate "2017.10.08"]
[EventType "team-tourn"]
[EventRounds "9"]
[EventCountry "GER"]
[SourceTitle "EXT 2019"]
[Source "ChessBase"]
[SourceDate "2018.10.10"]
[SourceVersion "1"]
[SourceVersionDate "2018.10.10"]
[SourceQuality "1"]
[WhiteTeam "Dreisamtal"]
[BlackTeam "Bad Mergentheim"]
[WhiteTeamCountry "GER"]
[BlackTeamCountry "GER"]

1. d4 Nf6 2. Nf3 e6 3. e3 b6 4. Bd3 Bb7 5. Nbd2 c5 6. c3 Be7 7. 0-0 0-0 8. Qe2 d6 9. e4 cxd4 10. cxd4 Nbd7 11. b3 Re8 12. Bb2 Bf8 13. Rac1 1/2-1/2

[Event "Verbandsliga Nordbaden 1718"]
[Site "Baden"]
[Date "2017.10.08"]
[Round "1.2"]
[White "Kluss, Kai"]
[Black "Hess, Markus"]
[Result "1/2-1/2"]
[WhiteElo "2132"]
[BlackElo "2141"]
[PlyCount "35"]
[EventDate "2017.10.08"]
[EventType "team-tourn"]
[EventRounds "9"]
[EventCountry "GER"]
[SourceTitle "EXT 2019"]
[Source "ChessBase"]
[SourceDate "2018.10.10"]
[SourceVersion "1"]
[SourceVersionDate "2018.10.10"]
[SourceQuality "1"]
[WhiteTeam "Bad Mergentheim II"]
[BlackTeam "Walldorf II"]
[WhiteTeamCountry "GER"]
[BlackTeamCountry "GER"]

1. d4 Nf6 2. c4 c5 3. d5 e5 4. Nc3 d6 5. e4 Be7 6. Be2 Nbd7 7. Nf3 0-0 8. 0-0 Ne8 9. Ne1 Bg5 10. Bg4 Bxc1 11. Qxc1 Qh4 12. Bxd7 Bxd7 13. Nf3 Qh5 14. Qg5 Qxg5 15. Nxg5 h6 16. Nf3 Nc7 17. a4 a6 18. Ra2 1/2-1/2

[Event "Verbandsliga Nordbaden 1516"]
[Site "Baden"]
[Date "2016.03.06"]
[Round "7.4"]
[White "Maehrlein, Christoph"]
[Black "Kluss, Kai"]
[Result "1-0"]
[WhiteElo "2106"]
[BlackElo "2139"]
[PlyCount "97"]
[EventDate "2015.09.27"]
[EventType "team-tourn"]
[EventRounds "9"]
[EventCountry "GER"]
[SourceTitle "EXT 2022"]
[Source "ChessBase"]
[SourceDate "2021.10.06"]
[SourceVersion "1"]
[SourceVersionDate "2021.10.06"]
[SourceQuality "1"]
[WhiteTeam "Pforzheim"]
[BlackTeam "Bad Mergentheim II"]
[WhiteTeamCountry "GER"]
[BlackTeamCountry "GER"]

1. d4 Nf6 2. c4 e6 3. Nc3 Bb4 4. a3 Bxc3+ 5. bxc3 d6 6. f3 Nh5 7. Nh3 f5 8. Bg5 Qd7 9. e4 0-0 10. Bd3 f4 11. e5 dxe5 12. Qc2 exd4 13. Bxh7+ Kh8 14. Bg6 d3 15. Qd2 Nf6 16. Qxf4 e5 17. Qh4+ Kg8 18. Nf2 Qe7 19. 0-0 Bd7 20. Nxd3 Nc6 21. Rfe1 Be8 22. Bh7+ Kf7 23. Be4 Kg8 24. Bxf6 gxf6 25. Bd5+ Kg7 26. Qg3+ Bg6 27. f4 Kh7 28. Bxc6 bxc6 29. fxe5 f5 30. Nf4 Rg8 31. Qf2 Qf7 32. Rad1 Rg7 33. Qh4+ Kg8 34. Rd8+ Rxd8 35. Qxd8+ Qe8 36. Rd1 Qxd8 37. Rxd8+ Kh7 38. e6 c5 39. Kf2 Kh6 40. h4 c6 41. Rh8+ Bh7 42. Rc8 Rb7 43. Rxc6 Kg7 44. Nd5 Bg8 45. Kf3 a5 46. Kf4 a4 47. Ke5 f4 48. Rc7+ Rxc7 49. Nxc7 1-0

[Event "Verbandsliga Nordbaden 1516"]
[Site "Baden"]
[Date "2016.02.14"]
[Round "6.3"]
[White "Kolb, Hans Martin"]
[Black "Kluss, Kai"]
[Result "1/2-1/2"]
[WhiteElo "2218"]
[BlackElo "2139"]
[PlyCount "139"]
[EventDate "2015.09.27"]
[EventType "team-tourn"]
[EventRounds "9"]
[EventCountry "GER"]
[SourceTitle "EXT 2022"]
[Source "ChessBase"]
[SourceDate "2021.10.06"]
[SourceVersion "1"]
[SourceVersionDate "2021.10.06"]
[SourceQuality "1"]
[WhiteTeam "Lindenhof"]
[BlackTeam "Bad Mergentheim II"]
[WhiteTeamCountry "GER"]
[BlackTeamCountry "GER"]

1. d4 Nf6 2. Bg5 c5 3. d5 e5 4. dxe6 fxe6 5. Nf3 Be7 6. c4 0-0 7. Nc3 b6 8. e4 Bb7 9. Qc2 Nc6 10. 0-0-0 a6 11. Qd2 d6 12. e5 Nxe5 13. Nxe5 dxe5 14. Bd3 e4 15. Bc2 Qxd2+ 16. Rxd2 Rad8 17. Rhd1 Rxd2 18. Rxd2 h6 19. Bh4 g5 20. Bg3 Rd8 21. Re2 Rd7 22. Ba4 Rd3 23. Bc2 Rd7 24. h3 Kf7 25. Be5 Bd6 26. Bxf6 Bf4+ 27. Kb1 Kxf6 28. Bxe4 Bc8 29. Kc2 Rd8 30. Bf3 Bc7 31. a4 Bd7 32. a5 Be8 33. axb6 Bxb6 34. Bb7 a5 35. Be4 Bc7 36. Bf3 Bg6+ 37. Be4 Be8 38. Bd3 Bb6 39. Re3 Bc6 40. Be4 Be8 41. h4 g4 42. f3 gxf3 43. Rxf3+ Ke5 44. g3 Bc7 45. Re3 Kd4 46. Re1 Kxc4 47. b3+ Kb4 48. Bd3 Rxd3 49. Kxd3 Bg6+ 50. Ne4 Bxg3 51. h5 Bf5 52. Ra1 Bc7 53. Ke3 Be5 54. Ra4+ Kb5 55. Kf3 Bh7 56. Rc4 Bd4 57. Nd6+ Kc6 58. Nf7 Bd3 59. Rxd4 cxd4 60. Ne5+ Kd5 61. Nxd3 e5 62. Nb2 e4+ 63. Kf4 d3 64. Ke3 Kc5 65. Nc4 a4 66. Kxe4 axb3 67. Kxd3 Kd5 68. Kc3 Ke4 69. Kxb3 Kf5 70. Kc3 1/2-1/2

[Event "Verbandsliga Nordbaden 1516"]
[Site "Baden"]
[Date "2016.01.24"]
[Round "5.5"]
[White "Kluss, Kai"]
[Black "Zhang, Fan"]
[Result "1-0"]
[WhiteElo "2139"]
[BlackElo "2070"]
[PlyCount "127"]
[EventDate "2015.09.27"]
[EventType "team-tourn"]
[EventRounds "9"]
[EventCountry "GER"]
[SourceTitle "EXT 2022"]
[Source "ChessBase"]
[SourceDate "2021.10.06"]
[SourceVersion "1"]
[SourceVersionDate "2021.10.06"]
[SourceQuality "1"]
[WhiteTeam "Bad Mergentheim II"]
[BlackTeam "Leimen"]
[WhiteTeamCountry "GER"]
[BlackTeamCountry "GER"]

1. d4 d5 2. c4 c6 3. Nf3 Nf6 4. Nc3 a6 5. a4 Nbd7 6. Bg5 Qa5 7. Bd2 Qb6 8. a5 Qc7 9. cxd5 cxd5 10. Qa4 b5 11. axb6 Qxb6 12. Bf4 Bb7 13. Ne5 e6 14. e3 Qxb2 15. Rb1 Qxc3+ 16. Kd1 Qc8 17. Bd3 a5 18. Bb5 Ba6 19. Bc6 Bb4 20. Rc1 Qd8 21. Bxa8 Qxa8 22. Rc7 Bc8 23. Nc6 Nb6 24. Qb5 Qa6 25. Rxc8+ Qxc8 26. Nxb4+ Nbd7 27. Nc6 Ne4 28. Ke2 0-0 29. f3 Nef6 30. Kd2 Qa8 31. Ra1 h6 32. Rxa5 Qe8 33. Bd6 Kh7 34. Bxf8 Qxf8 35. Ra7 g6 36. g3 Kg7 37. Ne5 Nxe5 38. dxe5 Ng8 39. Qb7 h5 40. Ke2 Nh6 41. Qb6 Qc8 42. Qc7 Qxc7 43. Rxc7 Nf5 44. Kf2 g5 45. Ra7 Kg6 46. Ra6 Nh6 47. Ra8 Kg7 48. h3 Kh7 49. g4 hxg4 50. hxg4 Kg7 51. Ke2 Kh7 52. Kd3 Kg7 53. Kd4 Kh7 54. Kc5 Kg7 55. Kd6 Ng8 56. Kd7 Nh6 57. Ke7 Ng8+ 58. Rxg8+ Kxg8 59. Kf6 Kf8 60. Kxg5 Kg7 61. f4 f6+ 62. exf6+ Kf7 63. Kh6 Kxf6 64. g5+ 1-0

[Event "Verbandsliga Nord Baden 1314"]
[Site "Germany"]
[Date "2014.03.09"]
[Round "7.3"]
[White "Schork, Stefan"]
[Black "Kluss, Kai"]
[Result "1/2-1/2"]
[WhiteElo "2138"]
[BlackElo "2147"]
[PlyCount "128"]
[EventDate "2013.10.20"]
[EventType "team-tourn"]
[EventRounds "9"]
[EventCountry "GER"]
[SourceTitle "EXT 2015"]
[Source "ChessBase"]
[SourceDate "2014.11.20"]
[SourceVersion "1"]
[SourceVersionDate "2014.11.20"]
[SourceQuality "1"]
[WhiteTeam "Pforzheim"]
[BlackTeam "Bad Mergentheim II"]
[WhiteTeamCountry "GER"]
[BlackTeamCountry "GER"]

1. e4 c5 2. Nc3 Nc6 3. Bb5 Na5 4. a4 a6 5. Be2 Nc6 6. Nf3 d6 7. d4 cxd4 8. Nxd4 Nf6 9. 0-0 e5 10. Nb3 Be6 11. f4 Nb4 12. f5 Bd7 13. Be3 Bc6 14. Bf3 d5 15. exd5 Nbxd5 16. Nxd5 Nxd5 17. Qe1 Qc7 18. Bd4 f6 19. Bh5+ g6 20. fxg6 0-0-0 21. Be3 hxg6 22. Bxg6 Bd6 23. Be4 Rdg8 24. Rf2 Rh4 25. Bf5+ Kb8 26. Bc5 Bxc5 27. Nxc5 Nf4 28. Ne6 Qb6 29. Nxf4 Rxf4 30. Bh3 Bd5 31. Rd1 Qc5 32. b3 Be4 33. Rdd2 Bc6 34. Kf1 Re4 35. Rde2 Rd4 36. Rd2 Re4 37. Rde2 Rd4 38. Rd2 Rg6 39. Rxd4 Qxd4 40. Qd2 Qa1+ 41. Qe1 Qd4 42. Qd2 Qb6 43. Bd7 Ka7 44. Bxc6 Qxc6 45. Qe3+ Ka8 46. Rd2 Rg8 47. Kg1 Re8 48. a5 f5 49. Qb6 Qc8 50. Rd5 e4 51. Qc5 Qe6 52. Rxf5 e3 53. Rf1 Qe4 54. Re1 Qf4 55. Re2 Qe4 56. h3 Qf4 57. Qc4 Qe5 58. Qd3 Qa1+ 59. Kh2 Qe5+ 60. Kg1 Qa1+ 61. Kh2 Qe5+ 62. Kg1 Qf4 63. c3 Qe5 64. b4 Qg5 1/2-1/2

[Event "Verbandsliga Nord Baden 1314"]
[Site "Germany"]
[Date "2014.02.02"]
[Round "5.2"]
[White "Kluss, Kai"]
[Black "Schroeder, Volker"]
[Result "0-1"]
[WhiteElo "2147"]
[BlackElo "2107"]
[PlyCount "54"]
[EventDate "2013.10.20"]
[EventType "team-tourn"]
[EventRounds "9"]
[EventCountry "GER"]
[SourceTitle "EXT 2015"]
[Source "ChessBase"]
[SourceDate "2014.11.20"]
[SourceVersion "1"]
[SourceVersionDate "2014.11.20"]
[SourceQuality "1"]
[WhiteTeam "Bad Mergentheim II"]
[BlackTeam "Weinheim"]
[WhiteTeamCountry "GER"]
[BlackTeamCountry "GER"]

1. d4 d5 2. c4 c6 3. Nf3 Nf6 4. Nc3 dxc4 5. e4 b5 6. e5 Nd5 7. a4 e6 8. Ng5 h6 9. Nge4 b4 10. Nb1 Ba6 11. Be2 Be7 12. 0-0 0-0 13. f4 Qc8 14. f5 exf5 15. Ng3 f4 16. Bxf4 c5 17. Bf3 Bb7 18. Bxd5 Bxd5 19. Bxh6 gxh6 20. Nf5 Bg5 21. Qg4 Kh7 22. h4 Rg8 23. Qh5 Qe6 24. g4 Nd7 25. hxg5 Rxg5 26. Qh4 Rag8 27. Rf4 Rxf5 0-1

[Event "Verbandsliga Nord Baden 1213"]
[Site "Baden"]
[Date "2012.11.18"]
[Round "2.2"]
[White "Dudek, Richard"]
[Black "Kluss, Kai"]
[Result "1-0"]
[WhiteElo "2262"]
[BlackElo "2150"]
[PlyCount "131"]
[EventDate "2012.10.21"]
[EventType "team-tourn"]
[EventRounds "9"]
[EventCountry "GER"]
[SourceTitle "EXT 2014"]
[Source "ChessBase"]
[SourceDate "2013.11.20"]
[SourceVersion "1"]
[SourceVersionDate "2013.11.20"]
[SourceQuality "1"]
[WhiteTeam "Eppingen II"]
[BlackTeam "Bad Mergentheim II"]
[WhiteTeamCountry "GER"]
[BlackTeamCountry "GER"]

1. e4 c5 2. Nc3 Nc6 3. g3 g6 4. Bg2 Bg7 5. d3 e6 6. Be3 b6 7. Qd2 Bb7 8. Nge2 h5 9. h3 Nge7 10. 0-0 d5 11. exd5 Nxd5 12. Nxd5 exd5 13. d4 c4 14. Nc3 Ne7 15. Rfe1 Qd7 16. Bf4 0-0 17. Be5 f6 18. Bf4 Nf5 19. h4 Kh7 20. Bh3 Rad8 21. Kg2 Bc8 22. Kh2 a6 23. Re2 Rf7 24. Rae1 Bf8 25. Nd1 Bd6 26. Ne3 Bxf4 27. gxf4 Qc7 28. Nxf5 Bxf5 29. Bxf5 gxf5 30. Rg1 Rg7 31. Rxg7+ Qxg7 32. Qe3 Qc7 33. Qe7+ Qxe7 34. Rxe7+ Kg6 35. Kg3 Rd6 36. Kf3 b5 37. c3 a5 38. Ra7 a4 39. a3 Rb6 40. Rd7 Rb8 41. Rxd5 Rb7 42. Rc5 Rb6 43. Rc7 Rd6 44. Rb7 Rd5 45. Ke3 Kh6 46. Rc7 Rd6 47. Rc5 Re6+ 48. Kf3 Rb6 49. Rxf5 Kg6 50. Rc5 f5 51. Re5 Kf6 52. Ke3 Re6 53. Kd2 Rb6 54. d5 Rb8 55. Ke3 Rg8 56. Kd4 Rg4 57. Re6+ Kf7 58. Ke5 Rxh4 59. d6 Rh1 60. Kxf5 h4 61. Re7+ Kf8 62. Kf6 Rd1 63. Ke6 Rd2 64. d7 h3 65. Re8+ Kg7 66. d8Q 1-0

[Event "Verbandsliga Nord Baden 1213"]
[Site "Baden"]
[Date "2012.10.21"]
[Round "1.3"]
[White "Nonnenmacher, Eberhard"]
[Black "Kluss, Kai"]
[Result "1/2-1/2"]
[WhiteElo "2285"]
[BlackElo "2150"]
[PlyCount "70"]
[EventDate "2012.10.21"]
[EventType "team-tourn"]
[EventRounds "9"]
[EventCountry "GER"]
[SourceTitle "EXT 2014"]
[Source "ChessBase"]
[SourceDate "2013.11.20"]
[SourceVersion "1"]
[SourceVersionDate "2013.11.20"]
[SourceQuality "1"]
[WhiteTeam "Heidelberg"]
[BlackTeam "Bad Mergentheim II"]
[WhiteTeamCountry "GER"]
[BlackTeamCountry "GER"]

1. e4 c5 2. Nf3 Nc6 3. Bb5 Na5 4. 0-0 a6 5. Be2 b5 6. d4 cxd4 7. Nxd4 Bb7 8. Bf3 e6 9. a4 b4 10. c3 Rc8 11. Re1 Nf6 12. Bg5 h6 13. Bh4 Be7 14. e5 Nd5 15. Bxe7 Qxe7 16. Bxd5 Bxd5 17. Nf5 Qg5 18. Nd6+ Ke7 19. g3 Nb3 20. Ra2 Na5 21. Ra1 Nb3 22. Ra2 Nd2 23. Nxd2 Bxa2 24. Nxc8+ Rxc8 25. cxb4 Bd5 26. Nf1 Qg6 27. Ne3 Bc6 28. Nc4 Kf8 29. Nd6 Rb8 30. b5 axb5 31. axb5 Bd5 32. Qd2 Kg8 33. Qe2 Qg5 34. h4 Qg6 35. Rc1 f6 1/2-1/2

[Event "Verbandsliga Nord Baden 1112"]
[Site "Germany"]
[Date "2012.02.12"]
[Round "6.4"]
[White "Villani, Cristian"]
[Black "Kluss, Kai"]
[Result "0-1"]
[WhiteElo "2071"]
[BlackElo "2150"]
[PlyCount "84"]
[EventDate "2011.10.09"]
[EventType "team-tourn"]
[EventRounds "9"]
[EventCountry "GER"]
[SourceTitle "EXT 2013"]
[Source "ChessBase"]
[SourceDate "2012.11.22"]
[SourceVersion "1"]
[SourceVersionDate "2012.11.22"]
[SourceQuality "1"]
[WhiteTeam "Slavija KA"]
[BlackTeam "Bad Mergentheim II"]
[WhiteTeamCountry "GER"]
[BlackTeamCountry "GER"]

1. Nf3 Nf6 2. c4 e6 3. Nc3 c5 4. g3 b6 5. Bg2 Bb7 6. 0-0 Nc6 7. e4 d6 8. d4 Nxd4 9. Nxd4 cxd4 10. Qxd4 Qc8 11. b3 Bc6 12. Bg5 Be7 13. Rac1 Qb7 14. Nb5 0-0 15. Qe3 Bxb5 16. cxb5 Ng4 17. Qf4 Ne5 18. Bxe7 Qxe7 19. Rc3 Rac8 20. Rfc1 Rc5 21. Rxc5 bxc5 22. Qe3 Rd8 23. f4 Nd7 24. Rd1 Nf8 25. Qc3 h5 26. Rc1 Nd7 27. Qe3 Nf6 28. e5 Ng4 29. exd6 Qxd6 30. Qc3 c4 31. h3 Qb6+ 32. Kh1 Nf2+ 33. Kh2 Rd3 34. Qxc4 Qe3 35. Qc8+ Kh7 36. Qc5 Qxg3+ 37. Kg1 Nxh3+ 38. Kh1 Nf2+ 39. Kg1 Nh3+ 40. Kh1 Nxf4 41. Be4+ g6 42. Bxg6+ Qxg6 0-1

[Event "Verbandsliga Nord Baden 0910"]
[Site "Baden"]
[Date "2010.10.17"]
[Round "1.7"]
[White "Weiss, Oliver"]
[Black "Kluss, Kai"]
[Result "0-1"]
[WhiteElo "2196"]
[BlackElo "2169"]
[PlyCount "95"]
[EventDate "2010.10.17"]
[EventType "team-tourn"]
[EventRounds "9"]
[EventCountry "GER"]
[SourceTitle "EXT 2012"]
[Source "ChessBase"]
[SourceDate "2011.11.24"]
[SourceVersion "1"]
[SourceVersionDate "2011.11.24"]
[SourceQuality "1"]
[WhiteTeam "Hockenheim II"]
[BlackTeam "Bad Mergentheim"]
[WhiteTeamCountry "GER"]
[BlackTeamCountry "GER"]

1. Nf3 Nf6 2. c4 e6 3. Nc3 c5 4. d4 cxd4 5. Nxd4 a6 6. e4 d6 7. Be3 Be7 8. Be2 b6 9. 0-0 Bb7 10. f3 Nbd7 11. Nc2 0-0 12. Qe1 Qc7 13. Qf2 Rfe8 14. Rac1 Rac8 15. Rfd1 Ba8 16. g4 g6 17. g5 Nh5 18. f4 Ng7 19. h4 Nc5 20. Bf3 Qb8 21. Ne1 b5 22. cxb5 axb5 23. b4 Na4 24. Nxa4 bxa4 25. a3 Bc6 26. Rc4 Bb5 27. Rxc8 Rxc8 28. Rc1 Rxc1 29. Bxc1 Bc6 30. Bb2 Bd8 31. Nd3 Qb5 32. Qd4 Bb6 33. Nc5 Bxc5 34. bxc5 Qxc5 35. Qxc5 dxc5 36. Be5 Ne8 37. Kf2 Kf8 38. Ke3 Ke7 39. Bc3 Nd6 40. Kd3 Bb5+ 41. Kc2 Bc4 42. Bb2 Bb3+ 43. Kc3 e5 44. Bc1 exf4 45. Bxf4 Nc4 46. Bc1 Ke6 47. Be2 Nd6 48. Kd3 0-1

[Event "Oberliga Baden 0910"]
[Site "Germany"]
[Date "2010.01.24"]
[Round "5.6"]
[White "Franke, Michael"]
[Black "Kluss, Kai"]
[Result "1-0"]
[WhiteElo "2163"]
[BlackElo "2169"]
[PlyCount "89"]
[EventDate "2009.10.18"]
[EventType "team-tourn"]
[EventRounds "9"]
[EventCountry "GER"]
[SourceTitle "EXT 2011"]
[Source "ChessBase"]
[SourceDate "2010.11.26"]
[SourceVersion "1"]
[SourceVersionDate "2010.11.26"]
[SourceQuality "1"]
[WhiteTeam "Eppingen II"]
[BlackTeam "Bad Mergentheim"]
[WhiteTeamCountry "GER"]
[BlackTeamCountry "GER"]

1. Nf3 Nf6 2. c4 e6 3. Nc3 c5 4. e4 d6 5. Be2 Be7 6. 0-0 0-0 7. d4 cxd4 8. Nxd4 a6 9. Be3 Nbd7 10. f3 Qc7 11. Qd2 b6 12. Rfc1 Bb7 13. b4 Rac8 14. Rab1 Qb8 15. a4 Rfe8 16. a5 d5 17. cxd5 Bd6 18. dxe6 Bxh2+ 19. Kh1 fxe6 20. Nd1 Bxe4 21. Rxc8 Rxc8 22. fxe4 Nxe4 23. Qa2 Ndf6 24. Bf3 Kh8 25. Ne2 b5 26. Nf2 Ng3+ 27. Nxg3 Bxg3 28. Nh3 Qe5 29. Bf2 Rc4 30. Bxg3 Qxg3 31. Qf2 Qg6 32. Rd1 h6 33. Rd8+ Kh7 34. Be2 Rc1+ 35. Rd1 Ne4 36. Qe1 Rxd1 37. Bxd1 Ng3+ 38. Kg1 Qd3 39. Bf3 Qd6 40. Qb1+ Kg8 41. Qe1 h5 42. Qc3 h4 43. Ng5 g6 44. Qf6 Qd3 45. Qf7+ 1-0

[Event "Oberliga Baden 0910"]
[Site "Germany"]
[Date "2009.10.18"]
[Round "1.5"]
[White "Nadj, Christian"]
[Black "Kluss, Kai"]
[Result "1-0"]
[WhiteElo "2171"]
[BlackElo "2176"]
[PlyCount "81"]
[EventDate "2009.10.18"]
[EventType "team-tourn"]
[EventRounds "9"]
[EventCountry "GER"]
[SourceTitle "EXT 2011"]
[Source "ChessBase"]
[SourceDate "2010.11.26"]
[SourceVersion "1"]
[SourceVersionDate "2010.11.26"]
[SourceQuality "1"]
[WhiteTeam "Slavija KA"]
[BlackTeam "Bad Mergentheim"]
[WhiteTeamCountry "GER"]
[BlackTeamCountry "GER"]

1. d4 Nf6 2. c4 e6 3. Nf3 Bb4+ 4. Nbd2 b6 5. e3 Bb7 6. Bd3 Be4 7. Qc2 Bxd3 8. Qxd3 0-0 9. 0-0 Bxd2 10. Bxd2 d5 11. Rfd1 Nbd7 12. Rac1 Ne4 13. cxd5 exd5 14. Qb3 Nef6 15. Qa4 Re8 16. Rc6 Re4 17. Rdc1 Nc5 18. Qa3 Ne6 19. Ne5 Nd7 20. Nxd7 Qxd7 21. f3 Rh4 22. Be1 Rh6 23. Bg3 Rc8 24. Qxa7 Rg6 25. Qa3 h5 26. Qc3 Qe7 27. f4 Rg4 28. Bf2 f5 29. Rxb6 h4 30. h3 Rg6 31. Rc6 Kh7 32. Qd3 Re8 33. Qb5 Rd8 34. a4 Rd6 35. Rxd6 Qxd6 36. Qd3 Qf8 37. Bxh4 c5 38. dxc5 Nxc5 39. Qa3 Qe8 40. Qxc5 Qe4 41. Rc2 1-0

[Event "BL2-Sued 0809"]
[Site "Germany"]
[Date "2008.11.30"]
[Round "3.6"]
[White "Kluss, Kai"]
[Black "Guenthner, Oliver"]
[Result "1/2-1/2"]
[WhiteElo "2175"]
[BlackElo "2245"]
[PlyCount "63"]
[EventDate "2008.10.05"]
[EventType "team-tourn"]
[EventRounds "9"]
[EventCountry "GER"]
[SourceTitle "CBM 129 Extra"]
[Source "ChessBase"]
[SourceDate "2009.05.05"]
[SourceVersion "2"]
[SourceVersionDate "2009.05.20"]
[SourceQuality "1"]
[WhiteTeam "Bad Mergentheim"]
[BlackTeam "Neuhausen"]
[WhiteTeamCountry "GER"]
[BlackTeamCountry "GER"]

1. d4 d5 2. c4 Bf5 3. Nc3 e6 4. e3 c6 5. Nge2 Nf6 6. Ng3 Bg6 7. cxd5 exd5 8. Bd3 Bd6 9. Nf5 Bxf5 10. Bxf5 0-0 11. Qf3 Re8 12. g4 Qe7 13. g5 Ne4 14. h4 Nd7 15. Qg4 Nf8 16. Bxe4 dxe4 17. Bd2 Qe6 18. Rg1 Re7 19. 0-0-0 Nd7 20. Qe2 Nb6 21. Rg4 Qf5 22. Rdg1 Nd5 23. h5 Nxc3 24. Bxc3 Qe6 25. Kb1 Rf8 26. Qe1 Qc4 27. Qd2 Qd5 28. Qc2 Rfe8 29. Qd1 Rf8 30. b3 a6 31. Qc2 Rfe8 32. Bb2 1/2-1/2

[Event "BL2-Sued 0708"]
[Site "Germany"]
[Date "2007.12.09"]
[Round "4.8"]
[White "Kluss, Kai"]
[Black "Schuetz, Guenter"]
[Result "0-1"]
[WhiteElo "2210"]
[BlackElo "2232"]
[PlyCount "128"]
[EventDate "2007.10.21"]
[EventType "team-tourn"]
[EventRounds "9"]
[EventCountry "GER"]
[SourceTitle "EXT 2009"]
[Source "ChessBase"]
[SourceDate "2008.11.26"]
[SourceVersion "1"]
[SourceVersionDate "2008.11.26"]
[SourceQuality "1"]
[WhiteTeam "Bad Mergentheim"]
[BlackTeam "Bayern Muenchen"]
[WhiteTeamCountry "GER"]
[BlackTeamCountry "GER"]

1. d4 f5 2. g3 g6 3. Bg2 Nf6 4. Nf3 Bg7 5. 0-0 0-0 6. c4 d6 7. d5 a5 8. Nd4 Na6 9. Nc3 Nc5 10. Rb1 Rb8 11. b3 Bd7 12. Bb2 Qe8 13. Re1 g5 14. Qd2 Qh5 15. f3 Qh6 16. Ncb5 c6 17. Nc7 Rfc8 18. Nce6 Bxe6 19. dxe6 Ne8 20. a3 Nc7 21. Qxa5 N7xe6 22. Qd2 Nxd4 23. Bxd4 Bxd4+ 24. Qxd4 Qg7 25. Qd2 Rf8 26. b4 Ne6 27. Rbd1 Ra8 28. Qe3 Qf6 29. Bh3 Kg7 30. Kh1 Ra4 31. Rd3 Rfa8 32. Red1 Nd8 33. f4 g4 34. Bg2 Kf7 35. Rb3 Qe6 36. Qd3 Qf6 37. e4 Ne6 38. exf5 Ng7 39. Be4 Rf8 40. Qe2 h5 41. Re3 Re8 42. Re1 Kf8 43. Bc2 Ra7 44. Kg2 b6 45. Qd3 c5 46. b5 Qd4 47. Qe2 Qf6 48. Rd1 Rd8 49. Rd5 Kf7 50. a4 Kf8 51. h3 gxh3+ 52. Kxh3 Kf7 53. Kg2 Rg8 54. Re6 Nxe6 55. fxe6+ Ke8 56. Qxh5+ Kd8 57. Qf7 Qxf7 58. exf7 Rf8 59. f5 Rxf7 60. g4 Kd7 61. Kg3 e6 62. fxe6+ Kxe6 63. Bf5+ Ke7 64. Bc2 Ra8 0-1

[Event "BL2-Sued 0607"]
[Site "Germany"]
[Date "2007.04.01"]
[Round "8.6"]
[White "Kluss, Kai"]
[Black "Heinz, Timothee"]
[Result "0-1"]
[WhiteElo "2215"]
[BlackElo "2300"]
[PlyCount "98"]
[EventDate "2006.10.15"]
[EventType "team-tourn"]
[EventRounds "9"]
[EventCountry "GER"]
[SourceTitle "EXT 2008"]
[Source "ChessBase"]
[SourceDate "2007.11.25"]
[SourceVersion "1"]
[SourceVersionDate "2007.11.25"]
[SourceQuality "1"]
[WhiteTeam "Bad Mergentheim"]
[BlackTeam "Baden-Baden II"]
[WhiteTeamCountry "GER"]
[BlackTeamCountry "GER"]

1. d4 Nf6 2. c4 e6 3. Nc3 Bb4 4. e3 0-0 5. Bd3 d5 6. cxd5 exd5 7. Nge2 b6 8. 0-0 Bd6 9. Nb5 Be7 10. Ng3 c5 11. dxc5 Bxc5 12. a3 a6 13. b4 axb5 14. bxc5 bxc5 15. Bxb5 Ba6 16. Bxa6 Rxa6 17. Bb2 Nbd7 18. Nf5 Kh8 19. Qf3 Qb8 20. Rab1 Rb6 21. Bxf6 Nxf6 22. Rxb6 Qxb6 23. Qf4 Ra8 24. a4 c4 25. Qg5 g6 26. Nd4 Rxa4 27. Qe5 Ra8 28. h4 Re8 29. Qg5 Qd6 30. Nf3 Kg7 31. Nd4 Qe5 32. Rb1 Qxg5 33. hxg5 Ne4 34. Rb5 Rd8 35. f4 Rd7 36. Nf3 c3 37. Nd4 Rc7 38. Rb1 Ra7 39. Rc1 Ra3 40. Ne2 Kf8 41. Rd1 Ra2 42. Nd4 Rd2 43. Rc1 Ke7 44. g4 Ng3 45. Ra1 c2 46. Ra7+ Kf8 47. Nb3 Rd3 48. Rc7 Rxb3 49. Rxc2 Rxe3 0-1

[Event "BL2-Sued 0607"]
[Site "Germany"]
[Date "2007.02.04"]
[Round "5.6"]
[White "Latzke, Boris Alexander"]
[Black "Kluss, Kai"]
[Result "0-1"]
[WhiteElo "2255"]
[BlackElo "2215"]
[PlyCount "86"]
[EventDate "2006.10.15"]
[EventType "team-tourn"]
[EventRounds "9"]
[EventCountry "GER"]
[SourceTitle "EXT 2008"]
[Source "ChessBase"]
[SourceDate "2007.11.25"]
[SourceVersion "1"]
[SourceVersionDate "2007.11.25"]
[SourceQuality "1"]
[WhiteTeam "Bebenhausen"]
[BlackTeam "Bad Mergentheim"]
[WhiteTeamCountry "GER"]
[BlackTeamCountry "GER"]

1. d4 Nf6 2. c4 e6 3. Nf3 Bb4+ 4. Bd2 Qe7 5. g3 Nc6 6. Bg2 Bxd2+ 7. Nbxd2 d6 8. 0-0 e5 9. d5 Nb8 10. c5 0-0 11. cxd6 cxd6 12. Nc4 Na6 13. Rc1 Bg4 14. Qd2 Rfc8 15. Ne3 Bxf3 16. Bxf3 Qd7 17. Bg2 Rxc1 18. Rxc1 Rc8 19. Rc4 Rxc4 20. Nxc4 Qc7 21. Qa5 Ne8 22. Qb5 Kf8 23. Na5 Qc1+ 24. Bf1 Nc5 25. b4 Ne4 26. Qc4 Qb1 27. Nb3 Qxa2 28. Qxe4 Qxb3 29. Qxh7 Qxb4 30. h4 Qg4 31. e3 Nf6 32. Qb1 Qd7 33. Qa2 a6 34. Qa5 Ke7 35. Bc4 Qd8 36. Qb4 Qc7 37. Bb3 b5 38. Kg2 Qb6 39. Qc3 a5 40. f4 exf4 41. exf4 Ne4 42. Qe1 Qd4 43. Bc2 Qd2+ 0-1